000 00430nam a2200157Ia 4500
008 151021s9999 xx 000 0 und d
020 _a138570612
050 _aGC 16 T45 2000
245 _a_Introductory Oceanography(9th ed)
260 _aU.S.A prentice Hall 2000
300 _axviii,553p,;Ill
500 _aIncludes Index
500 _aIncludes Index
650 _a_Deep Ocean
980 _a^d20140127 10:36:18^omwanik
999 _c12445
_d12445